|
|
|
|
| LEADER |
00000naa0a2200000 4500 |
| 001 |
638309 |
| 005 |
20250529133804.0 |
| 035 |
|
|
|a (RuTPU)RU\TPU\network\2610
|
| 090 |
|
|
|a 638309
|
| 100 |
|
|
|a 20141225d2012 k y0rusy50 ca
|
| 101 |
0 |
|
|a rus
|
| 102 |
|
|
|a RU
|
| 135 |
|
|
|a drcn ---uucaa
|
| 181 |
|
0 |
|a i
|
| 182 |
|
0 |
|a b
|
| 200 |
1 |
|
|a Микромеханический инерциальный датчик
|f М. В. Пересветов, А. Н. Коледа, Е. С. Барбин
|g науч. рук. Т. Г. Нестеренко
|
| 203 |
|
|
|a Текст
|c электронный
|
| 300 |
|
|
|a Заглавие с экрана
|
| 463 |
|
|
|t Первая региональная выставка научных достижений молодых ученых "СибНова-2012"
|o выставка посвящена празднованию 50-летия ТУСУРа, Томск, 4-6 апреля 2012 г.
|v [С. 21]
|d 2012
|
| 610 |
1 |
|
|a электронный ресурс
|
| 610 |
1 |
|
|a труды учёных ТПУ
|
| 700 |
|
1 |
|a Пересветов
|b М. В.
|
| 701 |
|
1 |
|a Коледа
|b А. Н.
|c специалист в области приборостроения
|c инженер Томского политехнического университета
|f 1985-
|g Алексей Николаевич
|3 (RuTPU)RU\TPU\pers\31206
|9 15402
|
| 701 |
|
1 |
|a Барбин
|b Е. С.
|c специалист в области точного приборостроения
|c инженер Томского политехнического университета
|f 1988-
|g Евгений Сергеевич
|3 (RuTPU)RU\TPU\pers\29889
|
| 702 |
|
1 |
|a Нестеренко
|b Т. Г.
|c специалист в области машиностроения
|c доцент Томского политехнического университета, кандидат технических наук
|f 1946-
|g Тамара Георгиевна
|4 727
|
| 801 |
|
1 |
|a RU
|b 63413507
|c 20141225
|
| 801 |
|
2 |
|a RU
|b 63413507
|c 20141226
|g RCR
|
| 850 |
|
|
|a 63413507
|
| 856 |
4 |
0 |
|u http://www.tusur.ru/filearchive/tusur/science/catalog_2012.pdf#page=21
|
| 942 |
|
|
|c CF
|